000 00720nam a2200253 i 4500
001 C2-0237483
003 PPAK
005 20180727200938.0
008 020106s2001 my |||| ||||| | may d
022 _a0542-3686
040 _aPPAK
_beng
_cPPAK
_erda
082 0 4 _a657.74021
_223
090 0 0 _a657.74021
_bMAL
_dR
110 2 _aMalaysia, Jabatan Perangkaan
245 0 0 _aSiaran Perangkaan Bulanan : November 2001
264 1 _aKuala Lumpur :
_bJabatan Perangkaan ,
_c2001
300 _a157 pages
336 _2rdacontent
_atext
337 _2rdamedia
_aunmediated
338 _2rdacarrier
_avolume
650 1 0 _aStatistical - periodicals
710 2 _aMalaysia, Jabatan Perangkaan
_eorganizer
942 _ddc
_cB
999 _c53102
_d53102